Tilastot visalle EU:n jäsenvaltiot

Klikkaa tästä pelataksesi tätä visaa!

Yleistilastot

  • Tätä visaa on pelattu 4 780 kertaa
  • Keskiarvotulos 24 / 27

Vastaustilastot

Valtio% Oikein
Suomi
100%
Ruotsi
97%
Saksa
97%
Viro
96%
Espanja
95%
Latvia
95%
Liettua
95%
Ranska
95%
Italia
93%
Puola
92%
Alankomaat
91%
Belgia
91%
Portugali
90%
Kreikka
89%
Slovakia
88%
Tanska
88%
Slovenia
86%
Itävalta
85%
Tšekki
84%
Unkari
84%
Irlanti
83%
Kroatia
81%
Romania
81%
Luxemburg
78%
Bulgaria
77%
Malta
70%
Kypros
54%

Tulosjakauma

Persentiili vastausten määrän mukaan

Jokaisen tuloksen saaneiden osuus

Tuloshistoriasi

Et ole pelannut tätä visaa